All Olivia Rodrigo Song's since 2021 - Statistics

General Stats
  • This quiz has been taken 60 times
  • The average score is 24 of 29
Answer Stats
Album Track Answer % Correct
SOUR 3 drivers license
97%
SOUR 6 good 4 u
95%
SOUR 5 deja vu
92%
SOUR 11 hope ur ok
92%
GUTS 6 making the bed
92%
GUTS 3 vampire
92%
SOUR 4 1step forward, 3 steps back
90%
GUTS 1 all-american bitch
90%
GUTS 2 bad idea right?
87%
SOUR 1 brutal
87%
GUTS (spilled) 17 so american
87%
SINGLES - Can't Catch Me Now
85%
GUTS 8 get him back!
85%
GUTS 11 pretty isn't pretty
85%
GUTS (spilled) 15 scared of my guitar
85%
SOUR 2 traitor
85%
GUTS 5 ballad of a homeschooled girl
82%
SOUR 10 favorite crime
82%
SOUR 8 happier
82%
SOUR 9 jealousy, jealousy
82%
GUTS 4 lacy
82%
GUTS (spilled) 13 obsessed
82%
SOUR 7 enough for you
77%
GUTS 7 logical
77%
GUTS 12 teenage dream
77%
GUTS 10 the grudge
77%
GUTS (spilled) 14 girl i've always been
74%
GUTS (spilled) 16 stranger
74%
GUTS 9 love is embarrassing
69%
No matching quizzes found
Score Distribution
Percent of People with Each Score
Percentile by Number Answered
Your Score History
You have not taken this quiz